000 00913nam a22002537a 4500
999 _c64040
_d64040
005 20240530110711.0
008 180205s2015 ua g 000 0 ara d
017 _a2015/2334
_bمصر. دار الكتب
020 _a9789774991721
040 _aEG-CaGPL
_cEG-CaGPL
082 0 4 _221
_a322.4 /
_bم إ
100 0 _aمحمود اسماعيل
245 1 2 _aالاسلام السياسى بين الاصوليين والعلمانيين /
_cمحمود اسماعيل
250 _aط. 1
260 _aالقاهرة :
_bرؤية للنشر و التوزيع،
_c2015.
300 _a206 ص. ؛
_c19 سم.
650 0 7 _2qrmak
_aالاحوال السياسية
650 0 7 _2qrmak
_aالحقوق السياسية
650 0 7 _2qrmak
_aالنشاط السياسى
650 0 7 _2qrmak
_aالتكتلات السياسية
651 _2qrmak
942 _2ddc
_cBK